Music Quiz

Random Music or The Beatles Quiz
Score 0/21 Timer 04:00
10 Plays Today
Lyrics Song % Correct
'...making all his nowhere plans for nobody.'Nowhere Man
79.4%
'...beep beep beep beep yeah!'Drive My Car
74.1%
'...you were only waiting for this moment to arise.'Blackbird
71.7%
'...wonder how you manage to make ends meet'Lady Madonna
69.4%
'...don't want to leave her now, you know I believe and how'Something
68.9%
'...hey la hey hello ah..'Hello Goodbye
62.8%
'...the way things are going, they're gonna crucify me.'The Ballad of John and Yoko
58.5%
'...won't you come out to play?'Dear Prudence
55.7%
'...don't leave me waiting here, lead me to your door. Yeah, yeah, yeah, yeah.'The Long and Winding Road
53.3%
'...I'd love to turn you on.'A Day in the Life
53%
'...jai guru deva, jai guru deva, jai guru deva...'Across the Universe
52.2%
Lyrics Song % Correct
'...and the eyes in his head sees the world spinning round. ooh round and round...'The Fool on the Hill
52%
'...sleep pretty darling, do not cry, and I will sing a lullaby.'Golden Slumbers
51.1%
'...my baby don't care...'Ticket to Ride
50.3%
'...believe me when I tell you, I'll never do you no harm.'Oh! Darling
48.1%
'...and you're working for no one but me.'Taxman
44%
'...and stops my mind from wondering where it will go.'Fixing a Hole
40.6%
'...(song title), I love you more.'In My Life
39%
'...you know I feel all right.'A Hard Day's Night
38.4%
'...all I want is you. Everything has got to be just like you want it to. Because...'Dig A Pony
20%
'...it's you, you, you. yo-hoo hoo.'Hold Me Tight
9.9%

You're not logged in!

Compare scores with friends on all Sporcle quizzes.
OR
Log In

Sporcle TV

Today on Sporcle TV


Watch our educational content, quiz creation guides, and fun videos on Sporcle TV.

Show Comments

Extras

Top Quizzes Today


Score Distribution

Paid Content

Your Account Isn't Verified!

In order to create a playlist on Sporcle, you need to verify the email address you used during registration. Go to your Sporcle Settings to finish the process.

Report this User

Report this user for behavior that violates our Community Guidelines.

Details: